|
|
|
|
| LEADER |
00938nam a2200277 a 4500 |
| 001 |
2631038 |
| 008 |
110410s2000 njua 001 0 eng |
| 010 |
|
|
|a 99031591
|
| 020 |
|
|
|a 013310897X
|
| 020 |
|
|
|a 0130151025
|
| 040 |
|
|
|a DLC
|c DLC
|d DLC
|d BD-DhAAL
|
| 042 |
|
|
|a pcc
|
| 050 |
0 |
0 |
|a HG173
|b .B58 2000
|
| 082 |
0 |
0 |
|a 658.15
|2 21
|
| 100 |
1 |
|
|a Bodie, Zvi.
|
| 245 |
1 |
0 |
|a Finance /
|c Zvi Bodie, Robert C. Merton.
|
| 260 |
|
|
|a Upper Saddle River, NJ :
|b Prentice Hall,
|c c2000.
|
| 300 |
|
|
|a xxxi, 479 p. :
|b ill. ;
|c 26 cm.
|
| 500 |
|
|
|a One calculator guide for financial management laid in.
|
| 500 |
|
|
|a Includes index.
|
| 541 |
1 |
|
|e 00014763
|
| 650 |
|
0 |
|a Finance.
|
| 700 |
1 |
|
|a Merton, Robert C.
|
| 852 |
1 |
|
|a Ayesha Abed Library
|c General Shelf.
|
| 999 |
|
|
|c 10678
|d 10678
|
| 952 |
|
|
|0 0
|1 0
|2 ddc
|4 0
|6 658_150000000000000_BOD
|7 0
|9 16044
|a BRACUL
|b BRACUL
|c GEN
|d 2011-04-10
|l 4
|m 10
|o 658.15 BOD
|p 3010014763
|r 2018-09-10
|s 2018-01-18
|t 1
|w 2011-04-10
|y BK
|